Quiz o Papież Cup - Statystyki

Ogólne statystyki
  • Ten quiz został rozwiązany 20 razy
  • Średni wynik to 9 z 13
Statystyki odpowiedzi
Wskazówka Odpowiedź % Poprawnych
Rok założenia Papież Cup 2019
94%
Sezon założenia akademii Papież Cup 2088
83%
Najlepsza kadra w histori Papież Cup Honduras
83%
Pierwsza nacja, która zdobyła Papież Cup Polska
83%
Lider rankingu GOAT Primoz
83%
Druga od góry liga na serwerze Papież Cup Biskup Cup
78%
Ilość zawodników z rolą legendy Papież Cup 10
72%
Jedyna kobieta z rolą legendy Papież Cup Caro
72%
Zawodnik z największą ilością zwycięstw Papież Cup Matius
61%
Pierwszy i jedyny zwycięzca turnieju Habemus Papam Janeks
56%
Turniej, którego brakuje hubiemu i tajkosowi do legendy Papieżos
56%
Jedyny "tiktokowiec" z zwycięstwem Papież Cup Wojtaszaman
56%
Założyciel Papież Cup Siergiej Tkaczenko
50%
Nie znaleziono quizów pasujących do podanych kryteriów
Rozkład punktacji
Procent ludzi z każdym wynikiem
Percentyl według liczby udzielonych odpowiedzi
Twoja historia wyników
Nie rozwiązałeś tego quizu